Informe energético de América Latina y el Caribe 199 y Prospectiva 2000-2020

Gespeichert in:
Bibliographische Detailangaben
Körperschaft: Organización Latinoamericana de Energía
Format: Buch
Sprache:Spanish
Schlagworte:
Tags: Tag hinzufügen
Keine Tags, Fügen Sie den ersten Tag hinzu!

MARC

LEADER 00000nam a22000007a 4500
003 cru CIDCACS/IIS
005 20181122164344.0
008 181122b EC ||||| |||| 00| 0 spa d
999 |c 41917  |d 41917 
040 |c cru CIDCACS/IIS 
090 |a 08.11.02 O68i 
110 1 |9 7998  |a Organización Latinoamericana de Energía 
245 |a Informe energético de América Latina y el Caribe 199 y Prospectiva 2000-2020  |c OLADE 
300 |a 88 páginas 
650 0 |9 475  |a ABASTECIMIENTO DE ENERGIA 
650 0 |9 475  |a ABASTECIMIENTO DE ENERGIA 
651 0 |9 17  |a AMERICA LATINA 
942 |2 ddc  |c LI